| 000 | 00545nam a2200229Ia 4500 | ||
|---|---|---|---|
| 008 | 171120s9999 xx 000 0 und d | ||
| 020 | _a8126126329 | ||
| 050 | _a25.3 | ||
| 050 | _bN176 2006 | ||
| 100 | _aNanda, Manohar | ||
| 245 | _aLibrary cataloguing / | ||
| 245 | _cby Manohar Nanda. | ||
| 260 | _aIndia : | ||
| 260 | _bAnmol Publications Pvt. Ltd., | ||
| 260 | _c2006 | ||
| 300 | _a328 pages : | ||
| 300 | _billustrations ; | ||
| 300 | _c21cm. | ||
| 650 | _aCataloging. | ||
| 650 | _aLibrary catalogs. | ||
| 700 | _aTitle. | ||
| 999 |
_c345005 _d345005 |
||